| 000 | 01080nam a2200253 a 4500 | ||
|---|---|---|---|
| 001 | 000032577 | ||
| 005 | 20250701132841.0 | ||
| 008 | 110719s2010 bl 000 0 spa d | ||
| 020 | _a9788579830648 | ||
| 040 |
_aDO-SdBNP _bspa _cBNPHU |
||
| 082 |
_a338.9 _bJ82c |
||
| 111 | 2 |
_aJornada de Ciências Sociais: jornada de estudos Celso Furtado _d(2006 : _cMarília) _958505 |
|
| 245 | 1 | 0 |
_aCelso Furtado : _bos desafios do desenvolvimento / _corganizadores Francisco Luiz Corsi, José Marangoni Camargo. |
| 260 |
_aSao Paulo : _bCultura Académica _bMarília _bOficina Universitária, _c2010. |
||
| 300 |
_a261 p. : ; _c23 cm. |
||
| 500 | _aIncluye referencias bibliográficas y notas al pie de las paginas | ||
| 504 | _aIncluye bibliografias al final de los capítulos | ||
| 600 | 1 | 4 |
_aFURTADO, CELSO, _d1920-2004 _xCRÍTICA E INTERPRETACIÓN _958506 |
| 650 | 0 |
_aDesarrollo económico _985548 |
|
| 651 | 4 |
_aBrasil _xCondiciones Económicas _958507 |
|
| 700 | 1 | 2 |
_aCorsi, Francisco Luiz _958508 |
| 700 | 1 | 2 |
_aMarangoni Camargo, José _958509 |
| 910 | _aValidado. Control de calidad MFF | ||
| 999 |
_c32068 _d32068 |
||